00921nam a22002177a 4500003000400000005001700004008004100021020001500062040000700077100002700084245006600111260003800177300001900215500006400234504003200298505026600330650002100596650002700617650003200644650002700676OSt20180910064109.0180220b xxu||||| |||| 00| 0 spa d a9509714526 cPJ aChiappini, Julio Oscar13aLa recusación con causa (art. 17, CPCN) /cJulio Chiappini. aBuenos Aires :cLa Rocca, b1994. a117 p.c23 cm. aNotas y citas bibliográficas a pie de algunas páginas.  aBibliografía: p. 115-117. aContenido: Parentesco -- Intereses -- Pleito pendiente -- Relación de crédito -- Denuncia o querella -- Denunca por ley de enjuiciamiento -- Defensor de litigantes -- Prejuzgamiento -- Beneficios de importancia -- Amistad -- Enemistad, odio o resentimiento. 0aDERECHO PROCESAL 0aDERECHO CONSTITUCIONAL 0aRECUSACIÓN Y EXCUSACIÓN 0aRECUSACIÓN CON CAUSA